000 00700nam a2200241Ia 4500
003 OSt
005 20220918193406.0
006 a|||||r|||| 00| 0
007 ta
008 220917b |||||||| |||| 00| 0 eng d
024 _a72,929
037 _cTextual
040 _aARTS
_cARTS
_beng
041 _2eng
_aeng
082 _aR5z7, G6
100 _aHulme T E
_981651
245 0 _aSpeculations
_b essays on humanism and the philosophy of art, ed by herbert Read
260 _c1936
490 _aInternational library of psychology, philosophy and scientific method, ed by C K Ogden
650 _aAESTHETICS
942 _hR5z7, G6
_cTEXL
_2CC
999 _c198870
_d198870